| 000 | 00474nam a2200181Ia 4500 | ||
|---|---|---|---|
| 008 | 100920s9999 xx 000 0 und d | ||
| 082 |
_b75306 _a--- 0 |
||
| 100 | _aअनु. नरवणे अंजनी. | ||
| 245 | _aअणसार. | ||
| 260 |
_b--- _c0 |
||
| 300 |
_a283 _bसाधी |
||
| 365 | _b180 | ||
| 520 | _aकादंबरी. | ||
| 630 | _aअणसार. | ||
| 650 | _aकादंबरी. | ||
| 730 | _aअणसार. | ||
| 942 | _cBOOK | ||
| 999 |
_c716835 _d716832 |
||